[Event "Sparkassen Open A"]
[Site "Dortmund GER"]
[Date "2011.07.31"]
[Round "9.17"]
[White "Chapman,Al"]
[Black "Schiefelbusch,D"]
[Result "1-0"]
[WhiteElo "2043"]
[BlackElo "2128"]

1.e4 d5 2.exd5 Qxd5 3.Nc3 Qd6 4.d4 Nf6 5.Nf3 Bg4 6.Nb5 Qd8 7.Bc4 e6 8.Bf4 Na6
9.h3 Bxf3 10.Qxf3 c6 11.O-O-O Be7 12.Nc3 Nb4 13.g4 O-O 14.Be5 b5 15.Bb3 a5
16.Bxf6 Bxf6 17.a3 Nd5 18.Ne4 Be7 19.c3 Qb6 20.h4 Rfc8 21.g5 b4 22.c4 bxa3
23.c5 axb2+ 24.Kxb2 Qb4 25.Kc1 Qa3+ 26.Kc2 a4 27.Bxd5 Qxf3 28.Nf6+ gxf6 29.Bxf3 fxg5
30.hxg5 Bxg5 31.Rdg1 f6 32.Be4 Kf8 33.Rxh7 a3 34.Rgh1 f5 35.Bxc6 Rab8 36.Bb7 Rxb7
37.Rxb7 Bf6 38.Kd3 Rd8 39.Rhh7 Bxd4 40.c6 Be5+ 41.Rbd7 Ke8 42.Re7+ Kf8 43.Rxe6 Ra8
44.Rxe5 a2 45.Rxf5+ Ke8 46.Re5+ Kf8 47.Re1 a1=Q 48.Rxa1 Rxa1 49.c7 Rd1+ 50.Ke2 Rxd7
51.c8=Q+ Ke7 52.f4 Kd6 53.Kf3 Rf7 54.Qc4 Ke7 55.Ke4  1-0

[Event "Politiken Cup"]
[Site "Helsingor DEN"]
[Date "2011.07.31"]
[Round "3.57"]
[White "Schroeder,Ja"]
[Black "Hjornevik,K"]
[Result "1-0"]
[WhiteElo "2164"]
[BlackElo "1959"]

1.e4 d5 2.exd5 Qxd5 3.Nc3 Qd6 4.d4 Nf6 5.Nf3 a6 6.g3 Bg4 7.Bg2 Nc6 8.d5 Nb4
9.Bf4 Qc5 10.Be3 Qd6 11.h3 Bh5 12.Qe2 Nbxd5 13.Nxd5 Qxd5 14.O-O c6 15.Rfd1 Qa5
16.b4 Qc7 17.Bf4 Qc8 18.g4 Bg6 19.Ne5 Qe6 20.c4 Rd8 21.Rxd8+ Kxd8 22.Rd1+ Ke8
23.Qd2 Qd6 24.Qc1 Qe6 25.Qe3 Bc2 26.Rd2 Be4 27.Qd4 Qc8 28.Bxe4 Nxe4 29.Qxe4 f6
30.Nd7 e5 31.Nxf8  1-0

[Event "98th ch-GBR"]
[Site "Sheffield ENG"]
[Date "2011.08.01"]
[Round "7.34"]
[White "Boulton,William J K"]
[Black "Dargan,P"]
[Result "1/2-1/2"]
[WhiteElo "1971"]
[BlackElo "2151"]

1.e4 d5 2.exd5 Qxd5 3.Nc3 Qd6 4.Nf3 Nf6 5.d4 a6 6.Bg5 Nbd7 7.Qd2 b5 8.Bf4 Qb6
9.Bd3 Bb7 10.Ne5 e6 11.O-O Bd6 12.Be3 b4 13.Nxd7 Kxd7 14.Ne2 Nd5 15.c4 bxc3
16.bxc3 Qa5 17.f4 g6 18.Bf2 Rab8 19.Be1 Ba8 20.Nc1 Qa3 21.Rf2 f5 22.g3 h5
23.c4 Bb4 24.Qe2 Bxe1 25.Qxe1 h4 26.cxd5 Bxd5 27.Qe3 hxg3 28.Qxg3 Qe7 29.Nb3 Rbg8
30.Nc5+ Ke8 31.Kf1 g5 32.Bxf5 exf5 33.Re1 Be4 34.Nxe4 fxe4  1/2-1/2

[Event "Tabor Open"]
[Site "Tabor CZE"]
[Date "2011.08.01"]
[Round "2.15"]
[White "Omelka,A"]
[Black "Heinzel,O"]
[Result "0-1"]
[WhiteElo "1993"]
[BlackElo "2320"]

1.e4 d5 2.exd5 Qxd5 3.Nc3 Qd6 4.Nf3 Nf6 5.h3 c6 6.a4 a5 7.Bc4 Be6 8.Qe2 Bxc4
9.Qxc4 e6 10.O-O Na6 11.Re1 Nb4 12.Qb3 Be7 13.d4 h6 14.Ne5 O-O 15.Ng6 Rfe8
16.Nxe7+ Rxe7 17.Be3 Rd8 18.Rad1 e5 19.dxe5 Qxe5 20.Bb6 Qf5 21.Rf1 Nd7 22.Be3 Qxc2
23.Qc4 Ne5 24.Qh4 Qxb2 25.Bd4 Qc2 26.f4 Nd7 27.f5 f6 28.Rf2 Qb3 29.Rf3 Nd5
30.Rb1 Qc2 31.Rxb7 Nxc3 32.Bxc3 Ne5 33.Bxe5 Rxb7 34.Bxf6 gxf6 35.Rg3+ Rg7
36.Rxg7+ Kxg7 37.Qg3+ Kf8 38.Qg6 Qc1+ 39.Kh2 Qf4+  0-1

[Event "Tabor Open"]
[Site "Tabor CZE"]
[Date "2011.08.01"]
[Round "2.10"]
[White "Mudrak,J"]
[Black "Jacek,Mi"]
[Result "1-0"]
[WhiteElo "2362"]
[BlackElo "2045"]

1.e4 d5 2.exd5 Qxd5 3.Nc3 Qd6 4.d4 Nf6 5.Bc4 c6 6.Nge2 Bf5 7.O-O e6 8.Bf4 Qd8
9.Ng3 Bg6 10.h4 h6 11.h5 Bh7 12.Bb3 Bd6 13.Qf3 Qc7 14.Bxh6 Nxh5 15.Nxh5 gxh6
16.Qf6 Rf8 17.Rfe1 Qe7 18.Qxh6 Bg8 19.d5  1-0

[Event "29th World Junior Girls"]
[Site "Chennai IND"]
[Date "2011.08.02"]
[Round "1.33"]
[White "Heredia Serrano,C"]
[Black "Narenthran,Savithri"]
[Result "1-0"]
[WhiteElo "2072"]
[BlackElo "1693"]

1.e4 d5 2.exd5 Qxd5 3.Nc3 Qd6 4.d4 Nf6 5.Nf3 a6 6.g3 Bg4 7.Bg2 Nc6 8.O-O e6
9.Bf4 Qd7 10.h3 Bxf3 11.Qxf3 Bd6 12.d5 Nxd5 13.Nxd5 exd5 14.Rfe1+ Ne7 15.Bxd6 Qxd6
16.Qxd5 Qxd5 17.Bxd5 c6 18.Bb3 Rd8 19.Re3 Rd7 20.g4 O-O 21.Rae1 Nc8 22.Kg2 g6
23.f4 Kg7 24.Kf3 Rfd8 25.Re8 Rxe8 26.Rxe8 Nd6 27.Re2 Nb5 28.c3 h6 29.a4 Nc7
30.a5 Kf6 31.Bc4 Nb5 32.h4 g5 33.fxg5+ hxg5 34.Bxb5 axb5 35.h5 Rd8 36.b4 Rd7  1-0

[Event "15th HZ Open"]
[Site "Vlissingen NED"]
[Date "2011.08.02"]
[Round "5"]
[White "Timmermans,I"]
[Black "Armstrong,M"]
[Result "1-0"]
[WhiteElo "2232"]
[BlackElo "1988"]

1.e4 d5 2.exd5 Qxd5 3.Nc3 Qd6 4.d4 c6 5.Nf3 Bf5 6.Ne5 Nf6 7.Bf4 Nd5 8.Nxd5 Qxd5
9.f3 e6 10.g4 Bg6 11.h4 Bd6 12.Bc4 Qa5+ 13.c3 Bxe5 14.Bxe5 b5 15.h5 bxc4
16.hxg6 fxg6 17.Bxg7 Rg8 18.Rxh7 Qc7 19.Qe2 Rxg7 20.Qxe6+  1-0

[Event "IRT Jose Rubinstein"]
[Site "Villa Martelli ARG"]
[Date "2011.08.03"]
[Round "3.10"]
[White "Morales,Marcos"]
[Black "Leon,Leonardo"]
[Result "1/2-1/2"]
[WhiteElo "1715"]
[BlackElo "1903"]

1.e4 d5 2.exd5 Qxd5 3.Nc3 Qd6 4.d4 Nf6 5.Nf3 a6 6.g3 Bg4 7.Bg2 Nc6 8.O-O O-O-O
9.Be3 e5 10.dxe5 Nxe5 11.Qxd6 Nxf3+ 12.Bxf3 Bxd6 13.Bg2 Rhe8 14.Rfe1 Bf5
15.Na4 Bxc2 16.Nc5 Bxc5 17.Bxc5 Rxe1+ 18.Rxe1 Rd1 19.Rxd1 Bxd1 20.Be7 Bg4
21.Kf1 Be6 22.a3 c6 23.Ke1 Kd7 24.Bf8 g6 25.Bg7 Ne8 26.Be5 Nd6 27.Bf1 Bd5
28.Bd3 Ke6 29.f4 c5 30.Kd2 b5 31.Bc3 Be4 32.Be2 Kd5 33.g4 Bg2 34.Ke3 Ne4
35.Be1 c4 36.h4 Nc5 37.Bc3 Be4 38.h5 Ne6 39.hxg6 hxg6 40.Bd1 f5 41.gxf5 gxf5
42.Be2 Nd8 43.Bd1 Nc6 44.Bh5 Kc5 45.Be8 Bd3 46.Bxc6 Kxc6 47.Kd4 Kb6 48.b4  1/2-1/2

[Event "Politiken Cup"]
[Site "Helsingor DEN"]
[Date "2011.08.04"]
[Round "7.90"]
[White "Jensen,SorenH"]
[Black "Okland,Sveinung"]
[Result "1-0"]
[WhiteElo "1984"]
[BlackElo "1836"]

1.e4 d5 2.exd5 Qxd5 3.Nc3 Qd6 4.d4 Nf6 5.Nf3 a6 6.g3 Bg4 7.Bg2 Nc6 8.O-O O-O-O
9.d5 Nb4 10.h3 Bh5 11.Bf4 Qc5 12.Be3 Qd6 13.Qe2 Nbxd5 14.Nxd5 Nxd5 15.Rad1 Qb4
16.c3 Qa5 17.g4 Bg6 18.b4 Qa4 19.Ne5 c6 20.c4 Nxe3 21.Rxd8+ Kxd8 22.Qxe3 f6
23.Qd4+ Kc7 24.Qd7+  1-0

[Event "8th Ostroda Open"]
[Site "Ostroda POL"]
[Date "2011.08.04"]
[Round "1.10"]
[White "Maruszczak,J"]
[Black "Zurkowski,A"]
[Result "1-0"]
[WhiteElo "1735"]
[BlackElo "2092"]

1.e4 d5 2.exd5 Qxd5 3.Nc3 Qd6 4.Bc4 Nf6 5.d4 a6 6.a4 Bg4 7.f3 Bf5 8.Nge2 Nc6
9.O-O e6 10.Kh1 O-O-O 11.Be3 Nb4 12.Bb3 Qc6 13.Ng3 Bg6 14.Qe2 h5 15.Bf2 h4
16.Nge4 Be7 17.a5 Qd7 18.Rfd1 Nbd5 19.Nxd5 exd5 20.Nc5 Qd6 21.Ba4 c6 22.Nxa6 bxa6
23.Qxa6+ Kd7 24.Qb7+ Qc7 25.Bxc6+ Kd6 26.Qxc7+ Kxc7 27.Ba4 Ra8 28.Be1 Rhb8
29.Bb3 Bb4 30.Bxh4 Rb5 31.Bxf6 gxf6 32.a6 Kb6 33.c4 Ra5 34.Rxa5 Bxa5 35.c5+ Kc6
36.Ra1 Bb4 37.h4 Bd3 38.g3 Bxa6 39.Ba4+ Kc7 40.Bb5 Rg8 41.Rxa6 Rxg3 42.Rxf6 Rh3+
43.Kg2 Rxh4 44.Rxf7+ Kb8 45.f4 Bd2 46.Kg3 Be1+ 47.Kf3 Rh2 48.Re7 Rf2+ 49.Kg4 Bd2
50.Rf7 Be3 51.Bd3 Bxd4 52.c6 Bb6 53.Rb7+  1-0

[Event "Pays de Charleroi Open"]
[Site "Charleroi BEL"]
[Date "2011.08.06"]
[Round "9.18"]
[White "Chung Choong Lon,Marc"]
[Black "Truwant,P"]
[Result "1-0"]
[WhiteElo "1805"]
[BlackElo "2021"]

1.e4 d5 2.exd5 Qxd5 3.Nc3 Qd6 4.d4 Nf6 5.g3 c6 6.Bg2 Bg4 7.Nf3 Na6 8.O-O e6
9.Qe2 Be7 10.Ne4 Nxe4 11.Qxe4 Bf5 12.Qe2 Nb4 13.Bf4 Qd8 14.a3 Nd5 15.c4 Nxf4
16.gxf4 O-O 17.Rad1 Qc7 18.Qe3 Rfd8 19.Rfe1 a5 20.c5 a4 21.Ne5 Bf6 22.Rd2 Ra5
23.Nc4 Rb5 24.Nd6 Rb3 25.Qe2 g6 26.Nxf5 gxf5 27.Qc4 Qxf4 28.Red1 Kh8 29.Qxa4 Rh3
30.Bxh3 Rg8+ 31.Kf1 Qxh2 32.Qb3 Bh4 33.Qf3 e5 34.Bxf5 exd4 35.Rxd4 Bxf2 36.Rd8 Bxc5
37.Rxg8+ Kxg8 38.Qg2+  1-0

[Event "20th ZDMI Open A"]
[Site "Dresden GER"]
[Date "2011.08.06"]
[Round "1"]
[White "Schwier,M"]
[Black "Hasangatin,R"]
[Result "0-1"]
[WhiteElo "2164"]
[BlackElo "2515"]

1.e4 d5 2.exd5 Qxd5 3.Nc3 Qd6 4.Nf3 Nf6 5.d4 a6 6.Be2 Bg4 7.Be3 Nc6 8.Qd2 e6
9.a3 Be7 10.h3 Bh5 11.Bf4 Qd8 12.Rd1 Bd6 13.Ne5 Bxe2 14.Qxe2 Ne7 15.Bg5 c6
16.Qf3 Ng6 17.Ne4 Be7 18.O-O O-O 19.Nc5 Qd5 20.Nxg6 hxg6 21.Qe3 Rfd8 22.Rd3 Bxc5
23.Bxf6 gxf6 24.dxc5 Qc4 25.Rc3 Qd4 26.Qf3 Rd5 27.b4 Rad8 28.Rd3 Qb2 29.Rxd5 Rxd5
30.c4 Rd2 31.Qf4 Kg7 32.Qc7 Qxa3 33.Qxb7 Rb2 34.Qxc6 Rxb4 35.Qe4 Qc3 36.Qe3 Qxe3
37.fxe3 Rxc4 38.Ra1 Rxc5 39.Rxa6 f5 40.Kf2 Rc4 41.Kf3 Kf6 42.g3 Rc2 43.h4 Kg7
44.Ra7 e5 45.g4 fxg4+ 46.Kxg4 Rc4+ 47.Kg3  0-1

[Event "3rd Muelheimer UrlaubsOpen"]
[Site "Muelheim GER"]
[Date "2011.08.06"]
[Round "4"]
[White "Torres Kuckel,R"]
[Black "Brixius,Dirk"]
[Result "1/2-1/2"]
[WhiteElo "2243"]
[BlackElo "1989"]

1.e4 d5 2.exd5 Qxd5 3.Nc3 Qd6 4.g3 Nf6 5.Bg2 c6 6.d4 Bg4 7.Nf3 e6 8.O-O Be7
9.h3 Bh5 10.Re1 Nbd7 11.Bf4 Qb4 12.Qd2 O-O 13.a3 Qb6 14.Na4 Qd8 15.c4 Bxf3
16.Bxf3 Nb6 17.Nxb6 Qxb6 18.Qc3 Rac8 19.b4 a6 20.g4 Qd8 21.g5 Ne8 22.h4 Nd6
23.Bg4 Re8 24.a4 Bf8 25.a5 Nf5 26.Bxf5 exf5 27.Be5 Qd7 28.Rad1 Bd6 29.Qb3 Kf8
30.c5 Bb8 31.Qf3 g6 32.Kg2 Re6 33.Bxb8 Rxb8 34.Qf4 Rd8  1/2-1/2

[Event "Arad Open A"]
[Site "Arad ROU"]
[Date "2011.08.07"]
[Round "3.10"]
[White "Dobre,ClC"]
[Black "Pachia,M"]
[Result "1/2-1/2"]
[WhiteElo "2353"]
[BlackElo "2070"]

1.e4 d5 2.exd5 Qxd5 3.Nc3 Qd6 4.d4 Nf6 5.Nf3 a6 6.Be2 Bg4 7.Ne5 Bxe2 8.Nxe2 Nc6
9.Nxc6 Qxc6 10.O-O e6 11.Qd3 Bd6 12.Bf4 Qe4 13.Qxe4 Nxe4 14.f3 Nf6 15.Bxd6 cxd6
16.c4 O-O 17.Rac1 Rfc8 18.b3 Rc7 19.Kf2 Rac8 20.Ke3 Kf8 21.Kd3 g6 22.a4 e5
23.b4 a5 24.c5 dxc5 25.Rxc5 Rxc5 26.bxc5 exd4 27.Kxd4 Nd7 28.Rc1 b6 29.cxb6 Rxc1
30.Nxc1 Nxb6 31.Nb3 Nxa4 32.Nxa5 Nb2 33.g4 f6 34.Nb7 Ke7 35.h4 h5 36.gxh5 gxh5
37.Nc5 Kf7 38.Ne4 Kg6 39.Ng3 Nd1 40.Kd3 Nb2+ 41.Kc3 Nd1+ 42.Kd4 Nf2 43.Ne4 Nd1
44.Ng3 Nf2 45.f4 f5 46.Ke3 Ng4+  1/2-1/2

[Event "Politiken Cup"]
[Site "Helsingor DEN"]
[Date "2011.08.07"]
[Round "10.91"]
[White "Olofsson-Dolk,Mattis"]
[Black "Overas,Vegard"]
[Result "1-0"]
[WhiteElo "1951"]
[BlackElo "1561"]

1.e4 d5 2.exd5 Qxd5 3.Nc3 Qd6 4.d4 Nf6 5.Nf3 a6 6.g3 Bg4 7.Bg2 Nc6 8.Bf4 Qb4
9.O-O O-O-O 10.a3 Qa5 11.h3 Rxd4 12.Qe1 Bxf3 13.Bxf3 e6 14.Be3 Rd7 15.Qe2 Nd4
16.Bxd4 Rxd4 17.b4 Qf5 18.b5 a5 19.b6 Qxh3 20.Nb5 Bc5 21.Qe5 Bd6 22.Qxd4 Bxg3
23.fxg3 Qxg3+ 24.Bg2 Ng4 25.Qf4  1-0

[Event "Ceska Cup IM2"]
[Site "Olomouc CZE"]
[Date "2011.08.07"]
[Round "5"]
[White "Vrana,J"]
[Black "Groetz,H"]
[Result "1-0"]
[WhiteElo "2306"]
[BlackElo "2256"]

1.e4 d5 2.exd5 Qxd5 3.Nc3 Qd6 4.g3 Nf6 5.Bg2 Nc6 6.Nge2 e5 7.O-O Bg4 8.h3 Be6
9.d3 Qd7 10.Kh2 Nd5 11.f4 exf4 12.Nxf4 Nxf4 13.Bxf4 Be7 14.Qf3 O-O 15.Ne4 Rad8
16.a3 Bd5 17.Qf2 f5 18.Nc5 Bxc5 19.Qxc5 Bxg2 20.Kxg2 Qd4 21.Qb5 Qd5+ 22.Qxd5+ Rxd5
23.Bxc7 Nd4 24.c4 Rd7 25.Bf4 Ne6 26.Rad1 Rfd8 27.Be5 g6 28.Rf3 Nd4 29.Bxd4 Rxd4
30.b3 a5 31.a4 R8d6 32.Kf2 Rb6 33.Rb1 Rb4 34.Ke3 Rd6 35.Kd2 Rdb6 36.Kc2 Re6
37.Kc3 Re2 38.d4 Kf7 39.g4 Ke6 40.gxf5+ gxf5 41.Rd1 f4 42.d5+ Kd6 43.Rd4 Ra2
44.Rdxf4 Ra3 45.Kd4 Raxb3 46.Rf6+ Kc7 47.Rf7+ Kc8 48.Rxb3 Rxb3 49.Rxh7 Rb4
50.h4 Rxa4 51.h5 b5 52.Ke5 Rxc4 53.h6 b4 54.Ra7 Rh4 55.h7 Kb8 56.Rg7 b3 57.Rg8+ Kc7
58.h8=Q Rxh8 59.Rxh8 b2 60.Rh1  1-0

[Event "ch-SLO w 2011"]
[Site "Ljubljana SLO"]
[Date "2011.08.08"]
[Round "3"]
[White "Hrenic,M"]
[Black "Unuk,Laura"]
[Result "1-0"]
[WhiteElo "2044"]
[BlackElo "1762"]

1.e4 d5 2.exd5 Qxd5 3.Nc3 Qd6 4.d4 Nf6 5.Nf3 c6 6.g3 Bg4 7.Bg2 e6 8.O-O Nbd7
9.h3 Bxf3 10.Bxf3 Nb6 11.Ne2 Be7 12.c3 O-O 13.Re1 Rfd8 14.Qc2 Nbd5 15.a3 Qd7
16.b3 Rac8 17.c4 Nc7 18.Bb2 b5 19.Rad1 a6 20.Nf4 Qe8 21.Nd3 Na8 22.Ne5 Nb6
23.Qc3 c5 24.Qa5 Na8 25.Qxa6 cxd4 26.cxb5 Nc7 27.Qa4 Qxb5 28.Qxb5 Nxb5 29.Nc6 Rd7
30.Nxe7+ Rxe7 31.a4 Nc3 32.Rxd4 Nfd5 33.Bxd5 Rd7 34.Bxe6  1-0

[Event "8th Ostroda Open"]
[Site "Ostroda POL"]
[Date "2011.08.08"]
[Round "6.6"]
[White "Zielinski,Wo"]
[Black "Zurkowski,A"]
[Result "1-0"]
[WhiteElo "2097"]
[BlackElo "2092"]

1.e4 d5 2.exd5 Qxd5 3.Nc3 Qd6 4.Bc4 Nf6 5.d4 a6 6.a4 Nc6 7.Be3 Bf5 8.Nge2 e6
9.Qd2 O-O-O 10.h3 h6 11.O-O g5 12.Rfb1 Nb4 13.Rc1 Bg7 14.Na2 Nc6 15.Rd1 Qe7
16.b4 Bxh3 17.b5 Ne5 18.Bd3 Nxd3 19.cxd3 Bf5 20.bxa6 bxa6 21.Qa5 Qd6 22.Rac1 Nd5
23.Rc5 Qb6 24.Qe1 Kd7 25.Nac3 Nxe3 26.fxe3 Ke7 27.Qg3 Rd7 28.Kh1 Rhd8 29.Rf1 Bg6
30.Ne4 e5 31.a5 Qe6 32.dxe5 Kf8 33.Nd4 Rxd4 34.exd4 Rxd4 35.Nf6 Rxd3 36.Qf2 Qe7
37.Rb1 Rd8 38.Rb7 Rc8 39.Rcxc7 Qxc7 40.Rxc7 Rxc7 41.Qb6 Rc1+ 42.Kh2 Bxf6
43.exf6 Bf5  1-0

[Event "20th Poznan Open"]
[Site "Poznan POL"]
[Date "2011.08.08"]
[Round "3.12"]
[White "Hemmerling,J"]
[Black "Sklepinski,A"]
[Result "0-1"]
[WhiteElo "1994"]
[BlackElo "1751"]

1.e4 d5 2.exd5 Qxd5 3.Nc3 Qd6 4.d4 Nf6 5.Nf3 Bg4 6.h3 Bh5 7.g4 Bg6 8.Ne5 c6
9.h4 Ne4 10.Nxe4 Bxe4 11.Rh3 Nd7 12.Nc4 Qc7 13.Bd2 O-O-O 14.Re3 Bd5 15.Qe2 Bxc4
16.Qxc4 e5 17.dxe5 Nxe5 18.Qa4 Bc5 19.Re4 Nf3+  0-1

[Event "FSGM August"]
[Site "Budapest HUN"]
[Date "2011.08.09"]
[Round "4"]
[White "Illingworth,M"]
[Black "Baghdasaryan,V"]
[Result "1/2-1/2"]
[WhiteElo "2389"]
[BlackElo "2289"]

1.e4 d5 2.exd5 Qxd5 3.Nc3 Qd6 4.d4 Nf6 5.g3 Bg4 6.Be2 Bxe2 7.Ngxe2 c6 8.Bf4 Qd7
9.Qd3 g6 10.Be5 Bg7 11.Ne4 Na6 12.Bxf6 exf6 13.O-O-O O-O-O 14.Kb1 f5 15.Ng5 Qe7
16.Nf3 Nc5 17.Qc4 Ne4 18.Rhf1 Rhe8 19.Nc1 Rd5 20.Nb3 Red8 21.c3 Kb8 22.Rde1 Qd6
23.Re3 a6 24.Qe2 Qc7 25.Qc2 Qb6 26.g4 fxg4 27.Qxe4 gxf3 28.Qxf3 Rf5 29.Qe2 Ka7
30.Re1 Bf8 31.Re5 Rf6 32.h3  1/2-1/2

[Event "ZMDI GER-UKR"]
[Site "Dresden GER"]
[Date "2011.08.09"]
[Round "3"]
[White "Arutyunova,D"]
[Black "Paehtz,E"]
[Result "0-1"]
[WhiteElo "2278"]
[BlackElo "2463"]

1.e4 d5 2.exd5 Qxd5 3.Nc3 Qd6 4.d4 Nf6 5.Nf3 a6 6.Bd3 g6 7.Bg5 Bg7 8.Qd2 Nc6
9.Bf4 Qd8 10.O-O-O O-O 11.Bh6 Nxd4 12.Bxg7 Kxg7 13.Bxg6 hxg6 14.Qxd4 Qxd4
15.Rxd4 Bg4 16.Ne5 Be6 17.Rhd1 Rh8 18.h3 c5 19.R4d2 Rac8 20.f3 b5 21.b3 Rh5
22.Nd3 Rf5 23.Ne1 b4 24.Ne2 g5 25.g4 Re5 26.f4 Re3 27.Ng2 Rxh3 28.fxg5 Ne4
29.Nef4 Nxd2 30.Nxh3 Bxg4 31.Rxd2 Bxh3 32.Nf4 Bf5 33.Rd5 e6 34.Rd6 c4 35.bxc4 Rxc4
36.Nd3 a5 37.Ne1 Rc5 38.Kb2 Bg6 39.Kb3 Rxg5 40.Rc6 Be4 41.Ra6 Rg3+ 42.Kb2 Ra3
43.c3 Rxc3 44.Rxa5 Re3  0-1

[Event "XX TCh-MKD"]
[Site "Struga MKD"]
[Date "2011.08.09"]
[Round "2"]
[White "Stojanovski,D"]
[Black "Jankov,D"]
[Result "1-0"]
[WhiteElo "2427"]
[BlackElo "2221"]

1.e4 d5 2.exd5 Qxd5 3.Nc3 Qd6 4.d4 a6 5.Nf3 Nf6 6.Bd3 Bg4 7.h3 Bh5 8.Ne4 Nxe4
9.Bxe4 c6 10.O-O e6 11.c4 Nd7 12.Qb3 O-O-O 13.c5 Qc7 14.g3 Bxf3 15.Bxf3 Nf6
16.Bf4 Qa5 17.Rfd1 Nd5 18.Bd2 Qb5 19.Qc2 Nb4 20.Bxb4 Qxb4 21.a3 Qa5 22.b4 Qc7
23.a4 Be7 24.b5 Bf6 25.Qc4 Qa5 26.bxc6 bxc6 27.Rab1 Rd7 28.Rb6 Ra7 29.Rxc6+ Kd7
30.d5  1-0

[Event "FSGM August"]
[Site "Budapest HUN"]
[Date "2011.08.10"]
[Round "5"]
[White "Vajda,Le"]
[Black "Czebe,A"]
[Result "1/2-1/2"]
[WhiteElo "2504"]
[BlackElo "2526"]

1.e4 d5 2.exd5 Qxd5 3.Nc3 Qd6 4.d4 Nf6 5.Be2 c6 6.Nf3 Bg4 7.O-O e6 8.Bg5 Nbd7
9.Qd2 Qc7 10.h3 Bxf3 11.Bxf3 h6 12.Be3 Nb6 13.Qe2 Nbd5 14.Nxd5 cxd5 15.Rfc1  1/2-1/2

[Event "29th World Junior Girls"]
[Site "Chennai IND"]
[Date "2011.08.10"]
[Round "8.31"]
[White "Bala Kannamma,P"]
[Black "Narenthran,Savithri"]
[Result "1/2-1/2"]
[WhiteElo "1931"]
[BlackElo "1693"]

1.e4 d5 2.exd5 Qxd5 3.Nc3 Qd6 4.d4 Nf6 5.Nf3 a6 6.Bd3 Bg4 7.O-O Nc6 8.Ne4 Nxe4
9.Bxe4 O-O-O 10.c3 e6 11.Bxc6 Qxc6 12.Ne5 Bxd1 13.Nxc6 Rd6 14.Ne5 Bh5 15.Bf4 f6
16.Nc4 Rd8 17.Rfe1 Bf7 18.Nd2 Bd6 19.Bxd6 cxd6 20.c4 e5 21.d5 b5 22.b3 Kd7
23.Ne4 bxc4 24.bxc4 Rb8 25.a3 Rhc8 26.Rec1 Bg6 27.f3 Bxe4 28.fxe4 Rb2 29.Kf1 Rc5
30.Rc3 Ke7 31.Rd1 Rc7 32.h3 Kd7 33.h4 Kc8 34.Rdc1 Rc5 35.Rg3 Rb7 36.Rgc3 Kd7
37.Ke2 Ke7 38.Kf3 g6 39.g4 Rb2 40.Rh1 Rc8 41.h5 g5 42.Rhc1 Rc5 43.R1c2 Rxc2
44.Rxc2 Kd7 45.Ke3 Rc8 46.Rf2 Ke7 47.Kd3 Kd7 48.Rc2 Rb8 49.Kc3 Rc8 50.Kd3 Rb8  1/2-1/2

[Event "20th ZMDI Open A"]
[Site "Dresden GER"]
[Date "2011.08.10"]
[Round "5.14"]
[White "Kotainy,J"]
[Black "Degtiarev,E"]
[Result "0-1"]
[WhiteElo "2433"]
[BlackElo "2327"]

1.e4 d5 2.exd5 Qxd5 3.Nc3 Qd6 4.d4 Nf6 5.Nf3 g6 6.Bg5 Bg7 7.Qd2 O-O 8.O-O-O Bg4
9.Be2 c6 10.h3 Be6 11.Bf4 Qd8 12.Kb1 b5 13.Ng5 Bd5 14.h4 Bxg2 15.Rh2 b4 16.Nb5 cxb5
17.Rxg2 Nc6 18.h5 Nxh5 19.Bxh5 Qxd4 20.Qxd4 Nxd4 21.Be3 Rad8 22.Bg4 h6 23.Nf3 Nc6
24.Rh1 f5 25.Bh3 Rf6 26.Rhg1 f4 27.Bxf4 Rxf4 28.Rxg6 Rxf3 29.Rxg7+ Kh8 30.Bg2 Rf6
31.Be4 Rd1+ 32.Rxd1 Kxg7 33.Rg1+ Kf7 34.Bd5+ Ke8 35.Rg8+ Kd7 36.f3 Ne5 37.Ra8 Nxf3
38.Rxa7+ Kd6 39.Bxf3 Rxf3 40.a4 bxa4 41.Rxa4 Kc5 42.Ra5+ Kc4 43.Rh5 Rf6 44.Rh4+ Kc5
45.Rh5+ Kd4 46.Rh4+ Ke3 47.Rxb4 e5 48.Rh4 e4 49.b4 Kf3 50.Kc1 Rd6 51.Rh3+ Kf2
52.Rh2+ Kg3 53.Rh5 e3 54.Re5 Kf3 55.c4 e2 56.Kc2 Rd1 57.b5 e1=Q 58.Rxe1 Rxe1
59.b6 Re8 60.Kc3 h5 61.c5 Ke4 62.Kc4 h4 63.c6 h3 64.b7 h2 65.c7 h1=Q 66.b8=Q Qc1+  0-1

[Event "Sakkozo Magyarok World Meeting"]
[Site "Lakitelek HUN"]
[Date "2011.08.10"]
[Round "6.20"]
[White "Marosi,Le"]
[Black "Iakab,B"]
[Result "1-0"]
[WhiteElo "1957"]
[BlackElo "1719"]

1.e4 d5 2.exd5 Qxd5 3.Nc3 Qd8 4.d4 Nf6 5.Nf3 Bg4 6.Bc4 e6 7.h3 Bxf3 8.Qxf3 c6
9.Be3 Nbd7 10.O-O Bd6 11.Bg5 O-O 12.Ne4 Be7 13.Bd3 Nxe4 14.Qxe4 g6 15.Bh6 Re8
16.Bd2 Nf6 17.Qe5 Nd5 18.c3 Bf6 19.Qe2 Qc7 20.f4 c5 21.dxc5 Qxc5+ 22.Qf2 Qxf2+
23.Kxf2 Rac8 24.Rfe1 Red8 25.Ke2 Bh4 26.Red1 Bf6 27.Rac1 e5 28.fxe5 Bxe5
29.Rf1 Re8 30.Kd1 Bg7 31.Re1 Rxe1+ 32.Kxe1 Re8+ 33.Kf2 b6 34.Re1 Kf8 35.Rxe8+ Kxe8
36.Bc4 Nf6 37.Kf3 Ke7 38.Bf4 Nd7 39.Ke4 f5+ 40.Kd5 h6 41.Bb5 g5 42.Bd6+ Kd8
43.Ke6 Nc5+ 44.Kxf5  1-0

[Event "Sakkozo Magyarok World Meeting"]
[Site "Lakitelek HUN"]
[Date "2011.08.11"]
[Round "7.29"]
[White "Lenkei,R"]
[Black "Iakab,B"]
[Result "0-1"]
[WhiteElo "1799"]
[BlackElo "1719"]

1.e4 d5 2.exd5 Qxd5 3.Nc3 Qd8 4.d3 Nf6 5.Nf3 Bg4 6.Be2 c6 7.Be3 e6 8.a3 Nbd7
9.Qd2 Bd6 10.h3 Bh5 11.Bg5 h6 12.Bh4 Qc7 13.Bxf6 Nxf6 14.O-O-O Bf4  0-1

[Event "ch-SLO w 2011"]
[Site "Ljubljana SLO"]
[Date "2011.08.11"]
[Round "6"]
[White "Orehek,S"]
[Black "Bucar,N"]
[Result "0-1"]
[WhiteElo "2047"]
[BlackElo "1978"]

1.e4 d5 2.exd5 Qxd5 3.Nc3 Qd6 4.d4 Nf6 5.Bc4 c6 6.Bb3 Bg4 7.f3 Bf5 8.Nge2 e6
9.Bf4 Qd8 10.g4 Bg6 11.Be5 Nd5 12.Qd2 f6 13.Bg3 Bd6 14.Ne4 Bxg3+ 15.N2xg3 O-O
16.O-O-O Bf7 17.h4 a5 18.g5 f5 19.Nc5 Qc7 20.Rdg1 Nd7 21.Nd3 f4 22.Ne2 e5
23.dxe5 Nxe5 24.Nxe5 Qxe5 25.Re1 b5 26.Nd4 Ne3 27.Bxf7+ Rxf7 28.c3 Qd5 29.Kb1 a4
30.Rxe3 fxe3 31.Qxe3 c5 32.Qe6 Qxe6 33.Nxe6 Rxf3 34.Nxc5 Raf8 35.Ne6 Rf1+
36.Rxf1 Rxf1+ 37.Kc2 Rh1 38.Nd4 Rxh4 39.Nxb5 Rh2+ 40.Kc1 Rg2 41.Nd4 Rxg5
42.b4 axb3 43.axb3 h5 44.Kd2 h4 45.Ke3 h3 46.Nf3 Rg2  0-1

[Event "29th World Junior Girls"]
[Site "Chennai IND"]
[Date "2011.08.12"]
[Round "10.32"]
[White "Anjana Krishna,S"]
[Black "Narenthran,Savithri"]
[Result "1-0"]
[WhiteElo "1830"]
[BlackElo "1693"]

1.e4 d5 2.exd5 Qxd5 3.Nc3 Qd6 4.d4 Nf6 5.Nf3 a6 6.Be2 e6 7.O-O Nbd7 8.a4 Be7
9.b3 c5 10.Ba3 b6 11.Qc1 Bb7 12.dxc5 Nxc5 13.b4 Nce4 14.Nxe4 Nxe4 15.Qe3 Qc7
16.c4 O-O 17.Rfd1 Rfd8 18.h3 Bf6 19.Rac1 Rxd1+ 20.Bxd1 Be7 21.Be2 Kf8 22.Bd3 Nf6
23.Bf1 a5 24.bxa5 Rxa5 25.Bxe7+ Kxe7 26.Ra1 Nd7 27.Nd4 Nc5 28.Nb5 Qc6 29.Nc3 Ba6
30.Qg5+ Ke8 31.Qxg7 Nxa4 32.Nxa4 Rxa4 33.Qg8+ Ke7 34.Rxa4 Qxa4 35.Qxh7 Qa1
36.Qd3 Qc1 37.Qb3 Bc8 38.Qxb6 Bd7 39.Qc5+ Ke8 40.Qd4 Bc8 41.Qd3 Ba6 42.Qe2 Ke7
43.Kh2 Ke8 44.g3 Ke7 45.h4 Kf8 46.Qd3 Qe1 47.Qd6+ Kg7 48.Qxa6 Qxf1 49.Qa2 Qd3
50.Qa1+ Kg6 51.Qc1 Qf3 52.Qc2+ f5 53.c5 Qc6 54.Qc3 Kh5 55.Qg7 Qxc5 56.Qg5+  1-0

[Event "22nd ch-NATO"]
[Site "Kaunas LTU"]
[Date "2011.08.12"]
[Round "7.31"]
[White "Pirs,M2"]
[Black "Ola,Nathaniel"]
[Result "1-0"]
[WhiteElo "2066"]
[BlackElo "2019"]

1.e4 d5 2.exd5 Qxd5 3.Nc3 Qd6 4.d4 Nf6 5.h3 Bf5 6.Nf3 c6 7.Bd3 Bg6 8.Be3 e6
9.Ne5 Nbd7 10.f4 Qb4 11.a3 Qa5 12.O-O Bd6 13.b4 Qc7 14.Bd2 Rd8 15.Bxg6 hxg6
16.Qe2 Kf8 17.Rac1 Qb6 18.Be3 Qc7 19.Nd1 a5 20.c3 axb4 21.axb4 Be7 22.Bd2 Re8
23.Nf2 Qd6 24.Nfd3 Nh5 25.Rf3 Bh4 26.Nc5 Ndf6 27.Ra1 Ng3 28.Qd3 b6 29.Nb3 Nge4
30.Be1 Bxe1 31.Rxe1 Qd5 32.c4 Qd6 33.Rxe4 Nxe4 34.Qxe4 Qxb4 35.Qxc6 Rh5 36.Nd7+ Ke7
37.Nxb6 Rd8 38.Qc7+ Ke8 39.Kh2 Rf5 40.d5 Rf6 41.Nd4 exd5 42.Re3+  1-0

[Event "Botvinnik 100th Open"]
[Site "St Petersburg RUS"]
[Date "2011.08.12"]
[Round "1"]
[White "Alekseenko,K"]
[Black "Filippov,An RUS"]
[Result "1-0"]
[WhiteElo "2339"]
[BlackElo "1944"]

1.e4 d5 2.exd5 Qxd5 3.Nc3 Qd6 4.d4 Nf6 5.Nf3 a6 6.g3 Nc6 7.Bg2 Bg4 8.h3 Bh5
9.Bf4 Qb4 10.g4 Bg6 11.Qc1 O-O-O 12.O-O e6 13.a3 Qb6 14.Be3 Nd5 15.Nxd5 exd5
16.Rd1 Be7 17.c4 Na5 18.c5 Qb3 19.Nd2 Qc2 20.Re1 Rhe8 21.Qxc2 Bxc2 22.Rac1 Bd3
23.Rc3 Bg6 24.Rcc1 Bd3 25.f4 Bh4 26.Bf2 Bxf2+ 27.Kxf2 Nc4 28.Nxc4 Bxc4 29.Kg3 Kd7
30.Kf2 b6 31.cxb6 cxb6 32.Bf3 a5 33.Rc3 Rxe1 34.Kxe1 Re8+ 35.Kd2 Kd6 36.h4 f6
37.Rc1 h6 38.Rg1 Re7 39.g5 hxg5 40.fxg5 fxg5 41.Rxg5 b5 42.Rg6+ Kc7 43.Ra6 a4
44.Rg6 Kd7 45.Bg4+ Kc7 46.Kc3 Kd8 47.Kb4 Rc7 48.Rd6+ Ke7 49.Re6+ Kf7 50.Re3 Kf6
51.Re6+ Kf7 52.Re5 Kf6 53.Bf3 Bd3 54.Bxd5 Rc2 55.Re6+ Kf5 56.Re3 Bc4 57.Be4+ Kf4
58.Bxc2 Kxe3 59.Bxa4  1-0